00636nam a2200193 a 450000100100000000500170001000800410002702000180006804000250008608200160011110000290012724500420015625000110019826000490020930000270025859000260028595201140031199900170042500004812120201002060932.0181116s2012 dr a 000 0 spa d a9781480256149 aDO-SdBNPbspacBNPHU axxxxbA658u1 aAracena, Mercedes97560313aUn punto para ti /cMercedes Aracena. a2a ed. aEstados Unidos de América :bs. n.,c2012. a99 p. :bil. ;c18 cm. aInventariado, 2018/LP 0010718PDaPDbPDcHDd2018-11-16iLF1l0oxxxx A658up48121-10r2020-06-25w2020-06-25yLFPDZNo se presta c47609d47609